| 000 | 00349nam a22001457a 4500 | ||
|---|---|---|---|
| 999 |
_c9307 _d9307 |
||
| 003 | OSt | ||
| 008 | 201120b ||||| |||| 00| 0 eng d | ||
| 100 | _aDhar, P. K. | ||
| 245 | _aIndian Economy : Its Growing Dimensions | ||
| 250 | _aReprint | ||
| 260 |
_aNew Delhi _bKalyani _c2020 |
||
| 300 | _a916 | ||
| 650 | _aB.A Economics | ||
| 942 |
_2ddc _cBK _01 |
||